Statistics for Top 10 Most Stylish Rappers of All-Time

Click here to take the quiz!

General Stats

  • This quiz has been taken 89 times
  • The average score is 4 of 10

Answer Stats

#Answer% Correct
1.Kanye West
77%
8.Tupac Shakur
70%
9.Jay-Z
64%
10.The Notorious B.I.G.
64%
6.P. Diddy
32%
7.LL Cool J
13%
2.Pharrell Williams
13%
3.Big Daddy Kane
6%
5.Mos Def
6%
4.DMC
5%

Score Distribution

Percentile by Number Answered

Percent of People with Each Score

Your Score History

You have not taken this quiz